[Event "NATO-ch 30th"]
[Site "Berlin"]
[Date "2019.09.19"]
[Round "6.24"]
[White "Marquardt, Christian"]
[Black "Ermalis, Rytis"]
[Result "1-0"]
[WhiteElo "2049"]
[BlackElo "1960"]
[PlyCount "41"]
[EventDate "2019.09.14"]
[EventType "team-swiss"]
[EventRounds "7"]
[EventCountry "GER"]
[SourceTitle "EXT 2020"]
[Source "ChessBase"]
[SourceDate "2019.10.17"]
[SourceVersion "1"]
[SourceVersionDate "2019.10.17"]
[SourceQuality "1"]
[WhiteTeam "Germany"]
[BlackTeam "Lithuania"]
[WhiteTeamCountry "GER"]
[BlackTeamCountry "LTU"]

1. c4 Nf6 2. g3 g6 3. Bg2 Bg7 4. Nc3 d6 5. d3 0-0 6. e4 e5 7. Nge2 Nc6 8. 0-0 Be6 9. Nd5 Nd7 10. Be3 f5 11. exf5 Bxf5 12. d4 exd4 13. Nxd4 Nxd4 14. Bxd4 Ne5 15. Ne3 Nc6 16. Bxg7 Kxg7 17. Qd2 Qd7 18. Qc3+ Kh6 19. Rad1 Rae8 20. c5 Qg7 21. Qc1 1-0

[Event "NATO-ch 30th"]
[Site "Berlin"]
[Date "2019.09.17"]
[Round "3.13"]
[White "Werksma, Arie"]
[Black "Marquardt, Christian"]
[Result "1-0"]
[WhiteElo "2197"]
[BlackElo "2049"]
[PlyCount "100"]
[EventDate "2019.09.14"]
[EventType "team-swiss"]
[EventRounds "7"]
[EventCountry "GER"]
[SourceTitle "EXT 2020"]
[Source "ChessBase"]
[SourceDate "2019.10.17"]
[SourceVersion "1"]
[SourceVersionDate "2019.10.17"]
[SourceQuality "1"]
[WhiteTeam "Netherlands"]
[BlackTeam "Germany"]
[WhiteTeamCountry "NED"]
[BlackTeamCountry "GER"]

1. e4 c6 2. d4 d5 3. e5 Bf5 4. c3 e6 5. Be3 Nd7 6. Nd2 Ne7 7. f4 h5 8. Ngf3 Qc7 9. Be2 c5 10. 0-0 Bg4 11. Bf2 Nc6 12. h3 Bxf3 13. Nxf3 cxd4 14. Nxd4 g6 15. Nb5 Qb8 16. c4 a6 17. cxd5 axb5 18. dxc6 bxc6 19. Bf3 Ra6 20. a4 Be7 21. axb5 Rxa1 22. Qxa1 Qxb5 23. Qa8+ Nb8 24. Bxc6+ Qxc6 25. Qxb8+ Bd8 26. Rd1 Qc7 27. Qb5+ Kf8 28. Bc5+ Kg7 29. Rd7 Qc8 30. b4 Bh4 31. Kh2 Qa8 32. Qd3 Be1 33. Qe2 Bh4 34. g3 Bd8 35. h4 Qc6 36. Rd6 Qa4 37. Ra6 Qd7 38. Ra7 Qc6 39. Qg2 Qb5 40. Qb7 Qe2+ 41. Kg1 Qd1+ 42. Kg2 Qc2+ 43. Bf2 Rf8 44. b5 Qf5 45. Qf3 Qc2 46. Qe3 Re8 47. b6 Be7 48. Rc7 Qb1 49. Qf3 Qd1 50. Qxd1 Bf8 1-0

[Event "Bunratty Masters op 25th"]
[Site "Bunratty"]
[Date "2018.02.23"]
[Round "1"]
[White "Marquardt, Christian"]
[Black "Williams, Simon Kim"]
[Result "1/2-1/2"]
[WhiteElo "2115"]
[BlackElo "2453"]
[PlyCount "74"]
[EventDate "2018.02.23"]
[EventType "swiss"]
[EventRounds "6"]
[EventCountry "IRL"]
[SourceTitle "CBM 183 Extra"]
[Source "ChessBase"]
[SourceDate "2018.04.19"]
[SourceVersion "1"]
[SourceVersionDate "2018.04.19"]
[SourceQuality "1"]

1. c4 f5 2. Nc3 Nf6 3. g3 d6 4. Bg2 e5 5. d3 Be7 6. e4 c6 7. Nge2 0-0 8. 0-0 Na6 9. f4 Qb6+ 10. Kh1 Ng4 11. d4 exd4 12. Qxd4 Nb4 13. Qxb6 axb6 14. Bd2 Nc2 15. Rac1 Nce3 16. Bxe3 Nxe3 17. Rfe1 Nxg2 18. Kxg2 fxe4 19. Nd4 Bf6 20. Rcd1 g5 21. fxg5 Bxg5 22. Nxe4 Be7 23. Nc3 Bf6 24. h3 Be5 25. a3 h5 26. Rd3 Rf6 27. Nf3 Bxc3 28. Rxc3 Be6 29. Ng5 Bd7 30. Re7 Rd8 31. Rf3 Rxf3 32. Kxf3 c5 33. Nh7 Bxh3 34. Nf6+ Kf8 35. Rxb7 Be6 36. Nh7+ Kg8 37. Nf6+ Kf8 1/2-1/2

[Event "NATO-ch 28th"]
[Site "Budapest"]
[Date "2017.03.28"]
[Round "2"]
[White "Williams, Abiye"]
[Black "Marquardt, Christian"]
[Result "1/2-1/2"]
[WhiteElo "2238"]
[BlackElo "2116"]
[PlyCount "104"]
[EventDate "2017.03.27"]
[EventType "swiss"]
[EventRounds "7"]
[EventCountry "HUN"]
[SourceTitle "CBM 177 Extra"]
[Source "ChessBase"]
[SourceDate "2017.04.27"]
[SourceVersion "1"]
[SourceVersionDate "2017.04.27"]
[SourceQuality "1"]

1. e4 c6 2. d4 d5 3. Nc3 dxe4 4. Nxe4 Nf6 5. Ng3 h5 6. h4 Bg4 7. Qd3 Qc7 8. N1e2 Bxe2 9. Bxe2 e6 10. Bg5 Nbd7 11. 0-0-0 0-0-0 12. c4 Bd6 13. Ne4 Bf4+ 14. Kb1 Bxg5 15. Nxg5 Nb6 16. Qa3 Kb8 17. Qg3 Qxg3 18. fxg3 Rd7 19. Rhf1 Rhd8 20. b3 Rxd4 21. Nxf7 Rxd1+ 22. Rxd1 Rxd1+ 23. Bxd1 Kc7 24. Kc2 c5 25. Kd3 Nbd7 26. Ke3 e5 27. Bf3 b6 28. a3 a6 29. a4 Nf8 30. Nxe5 Kd6 31. Nd3 g6 32. Bd1 a5 33. Nf4 Ke5 34. Bc2 Ng4+ 35. Kd2 Kd4 36. Ne2+ Ke5 37. Nf4 Kd4 38. Bd3 Nf2 39. Ne2+ Ke5 40. Bc2 Ne4+ 41. Ke3 Nd6 42. Nf4 Nf5+ 43. Kf2 Ne7 44. Ke3 Nf5+ 45. Kf2 Ne7 46. Kf3 Kd4 47. Ne2+ Ke5 48. g4 hxg4+ 49. Kxg4 Ne6 50. g3 Kf6 51. Kf3 Nc6 52. Ke4 Ne5 1/2-1/2

[Event "Rhein Main op-A 18th"]
[Site "Bad Homburg"]
[Date "2015.06.04"]
[Round "2"]
[White "Marquardt, Christian"]
[Black "Henrich, Thomas"]
[Result "1/2-1/2"]
[WhiteElo "2074"]
[BlackElo "2195"]
[PlyCount "64"]
[EventDate "2015.06.03"]
[EventType "swiss"]
[EventRounds "7"]
[EventCountry "GER"]
[SourceTitle "CBM 167 Extra"]
[Source "ChessBase"]
[SourceDate "2015.09.14"]
[SourceVersion "1"]
[SourceVersionDate "2015.09.14"]
[SourceQuality "1"]

1. d4 Nf6 2. Bg5 Ne4 3. Bf4 c5 4. f3 Nf6 5. d5 Qb6 6. Bc1 e6 7. e4 d6 8. c4 exd5 9. cxd5 g6 10. Nd2 Nbd7 11. Nc4 Qc7 12. a4 Nb6 13. Bd2 Nxc4 14. Bxc4 Bg7 15. Ne2 0-0 16. Nc3 Ne8 17. Bf4 f5 18. e5 Qe7 19. e6 b6 20. Qe2 a6 21. 0-0 Bb7 22. Rfd1 g5 23. Be3 Nc7 24. Rab1 Be5 25. Qd2 f4 26. Bf2 b5 27. axb5 Bxc3 28. bxc3 axb5 29. Bxb5 Bxd5 30. c4 Bxe6 31. Qxd6 Qxd6 32. Rxd6 Rfc8 1/2-1/2